| 000 | 01805nam0a2200349 4500 | ||
|---|---|---|---|
| 001 | RU\NLR\BIBL_A\011984076 | ||
| 005 | 20190430153650.0 | ||
| 010 |
_a978-5-907106-62-8 _91000 |
||
| 021 |
_aRU _bКН-П-19-019210 _9КН-П-19-1441 |
||
| 035 | _a(NLR Aleph) 011984076 | ||
| 035 | _a(RuMoRGB)009923983 | ||
| 090 |
_a11323682 _c11323682 |
||
| 100 | _a20190409d2019 u y0rusy50 ca | ||
| 101 | 0 | _arus | |
| 102 | _aRU | ||
| 105 | _a |||z|||000zy | ||
| 200 | 1 |
_aПсихолого-педагогическая развивающая программа "Инициативный, ответственный, самостоятельный дошкольник" _e[6-7 лет _fавторы-составители: Е.В. Петш, И.П. Середа, педагоги-психологи] |
|
| 210 |
_aСанкт-Петербург _cДЕТСТВО-ПРЕСС _d2019 |
||
| 215 |
_a46, [1] с. _cил., табл. _d24 |
||
| 225 | 1 | _aРазработано в соответствии с ФГОС | |
| 517 | 1 | _aИнициативный, ответственный, самостоятельный дошкольник | |
| 606 | 1 |
_aДошкольники _xВоспитание ответственности _jМетодические пособия _2nlr_sh1 _2nlr_sh2 _3RU\NLR\AUTH\66392027 |
|
| 606 | 1 |
_aДошкольники _xВоспитание самостоятельности _jМетодические пособия _2nlr_sh1 _2nlr_sh2 _3RU\NLR\AUTH\66392030 |
|
| 610 | 0 | _aдошкольное воспитание | |
| 686 | 1 | _aЧ411.352.17я8 | |
| 686 | 1 | _aЧ411.352.212я8 | |
| 702 | 1 |
_aПетш _bЕ. В. _gЕлена Викторовна _4220 |
|
| 942 | _cBOOK | ||
| 980 | _aNBR | ||
| 980 | _aNB | ||